Дело о сборах со спектаклей в Новом театре за майскую треть 1815 года

Доступно только в Электронных читальных залах Найти на картеНа карте
RUSMARC
00003963nmc2a22000003x 450
0014fb76c3c-3b89-4afa-8264-0f9439283c7c
00520181004213616.0
100##$a20161214l18151815k l0rusy0189 ca
1010#$arus
102##$aRU
2001#$aДело о сборах со спектаклей в Новом театре за майскую треть 1815 года
$j3 мая - 30 августа 1815 г.
251##$cДело
300##$aДело
300##$aОриг. заголовок дела: Афиши о сборах со спектаклей в Новом театре за майскую треть. 3 мая 1815 г. - 30 августа 1815 г
801#0$aRU
$bРГИА
$c20161214
$gRCR
801#1$aRU
$bГлавНИВЦ
$c20161214
$2rusmarc
801#2$aRU
$bПБ им. Б.Н. Ельцина
$c20181004
$gRCR
$2rusmarc
850##$aРГИА
852##$aРГИА
$eФедеральное казенное учреждение "Российский государственный исторический архив" (РГИА)
$j1437
937##$hРГИА
$d12236254
$aASBIBLIO_SCAN
462#0$1001dd3991dc-24e1-42ec-8838-ca4255420416
$12001
$a1746-1850 гг.
$1251
$cОпись
$1852
$j1
461#0$10019264ebf8-de62-4f1a-9eb4-9f22098dbbd5
$12001
$aДирекция императорских театров МИДв
$1251
$cФонд
$1852
$j497
215##$a227 л.
$d36,5х26 см
371##$aДокумент не является опубликованным и широко распространяемым
5171#$aАфиши о сборах со спектаклей в Новом театре за майскую треть. 3 мая 1815 г. - 30 августа 1815 г
105##$ay###
1222#$ad
035##$a4fb76c3c-3b89-4afa-8264-0f9439283c7c
856##$uhttp://readingroom.main.prlib.ru/item.aspx?id_node=n118905223&mode=full
Формат отображения